000 00338nam a2200133Ia 4500
008 240624s9999 xx 000 0 und d
041 _aeng
082 _a650.14 BIR
100 _aBLANK PAULA
245 _aJOB SEARCH CHECKLIST EVERYTHING YOU NEED
260 _c2014
_aNew York
_bAmacom
300 _aviii, 264 p.; 23 cm.
365 _c
_b38
999 _c30684
_d30684